[Event "Riadh Rapid op"]
[Site "Riadh"]
[Date "2023.03.18"]
[Round "9"]
[White "Al Hajiri, Bader"]
[Black "Aljameel, Sultan Anwar"]
[Result "1-0"]
[WhiteElo "1907"]
[BlackElo "1426"]
[PlyCount "39"]
[EventDate "2023.03.17"]
[EventType "swiss (rapid)"]
[EventRounds "9"]
[EventCountry "SAU"]
[SourceTitle "CBM 213 Extra"]
[Source "ChessBase"]
[SourceDate "2023.05.31"]
[SourceVersion "1"]
[SourceVersionDate "2023.05.31"]
[SourceQuality "1"]

1. e4 c5 2. Nf3 d6 3. d4 cxd4 4. Nxd4 a6 5. Bd3 Nc6 6. Nf3 e5 7. c4 Bg4 8. Be3 Nf6 9. h3 Bh5 10. Nc3 Be7 11. g4 Bg6 12. Qd2 Rc8 13. Rc1 h6 14. Qe2 Qa5 15. 0-0 0-0 16. Nd2 Nd4 17. Bxd4 exd4 18. Nb3 Qb6 19. Nd5 Nxd5 20. cxd5 1-0

[Event "Riadh Rapid op"]
[Site "Riadh"]
[Date "2023.03.18"]
[Round "6"]
[White "Aljameel, Sultan Anwar"]
[Black "Al Harthy, Faisel"]
[Result "1-0"]
[WhiteElo "1426"]
[BlackElo "1708"]
[PlyCount "101"]
[EventDate "2023.03.17"]
[EventType "swiss (rapid)"]
[EventRounds "9"]
[EventCountry "SAU"]
[SourceTitle "CBM 213 Extra"]
[Source "ChessBase"]
[SourceDate "2023.05.31"]
[SourceVersion "1"]
[SourceVersionDate "2023.05.31"]
[SourceQuality "1"]

1. Nc3 d5 2. d4 e6 3. Bf4 Bd6 4. Bxd6 Qxd6 5. e3 Nf6 6. Nf3 Nbd7 7. Bd3 a6 8. Ne2 Qb4+ 9. Nd2 Qxb2 10. 0-0 0-0 11. c4 Qa3 12. Qc2 Qe7 13. cxd5 Nxd5 14. Bxh7+ Kh8 15. Be4 N7f6 16. Bxd5 exd5 17. Rfc1 c6 18. Qc5 Qd8 19. Rab1 Bg4 20. Nf4 Qd7 21. Nd3 Be2 22. Ne5 Qc7 23. Rc2 Bb5 24. Rcb2 b6 25. Qc2 Nd7 26. Nxd7 Qxd7 27. a4 Be2 28. Rxb6 Rfc8 29. Rb7 Rc7 30. Rb8+ Rc8 31. Rxa8 Rxa8 32. Rb6 Rc8 33. Nb3 Bc4 34. Nc5 Qg4 35. Nxa6 g6 36. Nc5 Ra8 37. h3 Qc8 38. Qb2 Kg7 39. Rb7 Qf5 40. Rc7 Rh8 41. Qb7 g5 42. a5 g4 43. hxg4 Qg6 44. a6 Bb5 45. f3 Qb1+ 46. Kf2 Qc2+ 47. Kg3 Qg6 48. a7 Kf6 49. a8Q Rh7 50. Rxc6+ Bxc6 51. Qxc6+ 1-0

[Event "Riadh Rapid op"]
[Site "Riadh"]
[Date "2023.03.18"]
[Round "7"]
[White "Alrahily, Saud"]
[Black "Aljameel, Sultan Anwar"]
[Result "0-1"]
[WhiteElo "1772"]
[BlackElo "1426"]
[PlyCount "93"]
[EventDate "2023.03.17"]
[EventType "swiss (rapid)"]
[EventRounds "9"]
[EventCountry "SAU"]
[SourceTitle "CBM 213 Extra"]
[Source "ChessBase"]
[SourceDate "2023.05.31"]
[SourceVersion "1"]
[SourceVersionDate "2023.05.31"]
[SourceQuality "1"]

1. d4 d5 2. c4 Nf6 3. Nc3 e6 4. cxd5 Nxd5 5. Nf3 Bb4 6. Bd2 Nxc3 7. bxc3 Be7 8. e3 Nd7 9. Bd3 0-0 10. 0-0 Re8 11. e4 Nf8 12. Qe2 Ng6 13. e5 c5 14. Rfd1 cxd4 15. cxd4 Bd7 16. Be4 Rb8 17. Rab1 b6 18. g3 Rc8 19. h4 Bc6 20. Bg5 Bxg5 21. Nxg5 Bxe4 22. Nxe4 h6 23. Nd6 Qe7 24. Nxc8 Rxc8 25. Rdc1 Qd7 26. Qe3 Ne7 27. Rxc8+ Qxc8 28. Rc1 Qa6 29. Qd2 Nd5 30. Kg2 Qb7 31. Kh2 b5 32. g4 b4 33. g5 h5 34. Kg3 g6 35. Qd3 a5 36. f3 Nc3 37. Rxc3 bxc3 38. Qxc3 Qd5 39. a4 Kg7 40. Qc5 Qd7 41. Qc4 Qd5 42. Qxd5 exd5 43. e6 fxe6 44. Kf4 Kf7 45. Ke5 Ke7 46. f4 Kf7 47. Kd6 0-1

[Event "Riadh Rapid op"]
[Site "Riadh"]
[Date "2023.03.17"]
[Round "3"]
[White "Al Ansi, Amin Hassan"]
[Black "Aljameel, Sultan Anwar"]
[Result "1-0"]
[WhiteElo "1806"]
[BlackElo "1426"]
[PlyCount "65"]
[EventDate "2023.03.17"]
[EventType "swiss (rapid)"]
[EventRounds "9"]
[EventCountry "SAU"]
[SourceTitle "CBM 213 Extra"]
[Source "ChessBase"]
[SourceDate "2023.05.31"]
[SourceVersion "1"]
[SourceVersionDate "2023.05.31"]
[SourceQuality "1"]

1. e4 c6 2. d4 d5 3. Nd2 dxe4 4. Nxe4 Nf6 5. Ng3 h5 6. Bg5 Qa5+ 7. Bd2 Qb6 8. Nf3 h4 9. Ne2 Qxb2 10. Ne5 Bf5 11. Rc1 e6 12. Nc3 Qb6 13. Nf3 Nbd7 14. Be2 Bg4 15. Rb1 Qc7 16. h3 Bf5 17. Bg5 Qa5 18. Rb3 Nd5 19. Bd2 Bb4 20. Nxd5 Bxd2+ 21. Nxd2 Qxd5 22. 0-0 Nb6 23. Nf3 Rd8 24. c3 Be4 25. Qc1 Qd6 26. Re1 Bd5 27. c4 Bxf3 28. c5 Qc7 29. cxb6 axb6 30. Bxf3 Rh6 31. d5 Rf6 32. dxe6 fxe6 33. Qg5 1-0

[Event "Riadh Rapid op"]
[Site "Riadh"]
[Date "2023.03.17"]
[Round "1"]
[White "Boshra, Alshaeby"]
[Black "Aljameel, Sultan Anwar"]
[Result "1-0"]
[WhiteElo "1880"]
[BlackElo "1426"]
[PlyCount "53"]
[EventDate "2023.03.17"]
[EventType "swiss (rapid)"]
[EventRounds "9"]
[EventCountry "SAU"]
[SourceTitle "CBM 213 Extra"]
[Source "ChessBase"]
[SourceDate "2023.05.31"]
[SourceVersion "1"]
[SourceVersionDate "2023.05.31"]
[SourceQuality "1"]

1. Nf3 Nf6 2. g3 g6 3. Bg2 Bg7 4. 0-0 c6 5. d3 0-0 6. e4 d6 7. h3 Na6 8. c3 Nc7 9. Re1 c5 10. a4 Rb8 11. Na3 a6 12. a5 b5 13. axb6 Rxb6 14. Nc4 Rb8 15. e5 Nfd5 16. exd6 exd6 17. Ng5 Nb6 18. Na5 Bd7 19. Ne4 Bb5 20. Bg5 f6 21. Bf4 Ne8 22. c4 f5 23. cxb5 fxe4 24. Nc6 Qc7 25. Nxb8 Qxb8 26. bxa6 Bxb2 27. Qb3+ 1-0